[Event "26th Abu Dhabi Masters"]
[Site "Abu Dhabi UAE"]
[Date "2019.08.05"]
[Round "5.30"]
[White "Shevchenko, Kirill"]
[Black "Manush, Shah"]
[Result "1/2-1/2"]
[WhiteTitle "GM"]
[BlackTitle "FM"]
[WhiteElo "2556"]
[BlackElo "2373"]
[WhiteFideId "14129574"]
[BlackFideId "5040680"]
[EventDate "2019.08.02"]

1. e4 c6 2. d4 d5 3. Nc3 dxe4 4. Nxe4 Bf5 5. Ng3 Bg6 6. h4 h6 7. Nf3 Nf6 8. Ne5
Bh7 9. Bd3 Bxd3 10. Qxd3 e6 11. Bd2 Nbd7 12. f4 Be7 13. O-O-O O-O 14. Qf3 Qc7
15. Ne2 c5 16. g4 cxd4 17. g5 Nxe5 18. fxe5 Nd7 19. Nxd4 Rac8 20. gxh6 Nxe5 21.
Qg3 g6 22. h5 Bf6 23. h7+ Kh8 24. Bc3 Qe7 25. hxg6 fxg6 26. Nb5 Qg7 27. Nd6 Rxc3
28. Qxc3 Ng4 29. Qg3 Nf2 30. c3 Nxh1 31. Rxh1 Be5 32. Qd3 Qd7 1/2-1/2

[Event "26th Abu Dhabi Masters"]
[Site "Abu Dhabi UAE"]
[Date "2019.08.05"]
[Round "5.31"]
[White "Tahbaz, Arash"]
[Black "Viani, Antonio Dcunha"]
[Result "0-1"]
[WhiteTitle "IM"]
[BlackTitle "IM"]
[WhiteElo "2482"]
[BlackElo "2371"]
[WhiteFideId "12528846"]
[BlackFideId "5027330"]
[EventDate "2019.08.02"]

1. d4 Nf6 2. c4 g6 3. Nc3 Bg7 4. e4 d6 5. Be2 O-O 6. Be3 Na6 7. g4 c5 8. g5 Ng4
9. Bxg4 Bxg4 10. f3 Bh5 11. Nd5 Nc7 12. dxc5 dxc5 13. Nc3 b6 14. Qxd8 Raxd8 15.
Rd1 Rxd1+ 16. Kxd1 f5 17. gxf6 exf6 18. Nd5 Nxd5 19. exd5 f5 20. Bg5 Kf7 21. d6
Bxb2 22. Be7 Ra8 23. Ke2 Bf6 24. Bxf6 Kxf6 25. Nh3 g5 26. Rd1 Bf7 27. d7 Bxc4+
28. Ke3 Rd8 29. Rd6+ Be6 30. Nxg5 Kxg5 31. Rxe6 Rxd7 32. h4+ Kxh4 33. Kf4 Kh3
34. Kxf5 Rf7+ 35. Ke4 Kg3 36. a4 Rf4+ 37. Kd5 Rxa4 38. Re4 Rd4+ 39. Kc6 Rxe4 40.
fxe4 c4 0-1

[Event "26th Abu Dhabi Masters"]
[Site "Abu Dhabi UAE"]
[Date "2019.08.05"]
[Round "5.34"]
[White "Nandhidhaa, P V"]
[Black "Alavi, Sayed Javad"]
[Result "1/2-1/2"]
[WhiteTitle "WIM"]
[BlackTitle "IM"]
[WhiteElo "2332"]
[BlackElo "2454"]
[WhiteFideId "5050847"]
[BlackFideId "12500607"]
[EventDate "2019.08.02"]

1. e4 c6 2. Nc3 d5 3. Nf3 Bg4 4. Be2 e6 5. h3 Bh5 6. d4 Nf6 7. e5 Nfd7 8. g4 Bg6
9. h4 h5 10. gxh5 Bf5 11. Ng5 c5 12. Nb5 Nc6 13. Bd3 cxd4 14. Bxf5 Qa5+ 15. Bd2
Qxb5 16. Nxf7 Kxf7 17. Bg6+ Ke7 18. Bg5+ Nf6 19. Bd3 Qa5+ 20. Bd2 Qc7 21. exf6+
gxf6 22. f4 Bh6 1/2-1/2

[Event "26th Abu Dhabi Masters"]
[Site "Abu Dhabi UAE"]
[Date "2019.08.05"]
[Round "5.35"]
[White "Muradli, Mahammad"]
[Black "Zhang, Xiaowen"]
[Result "1-0"]
[WhiteTitle "IM"]
[BlackTitle "WGM"]
[WhiteElo "2454"]
[BlackElo "2316"]
[WhiteFideId "13409301"]
[BlackFideId "8603219"]
[EventDate "2019.08.02"]

1. d4 Nf6 2. c4 e6 3. Nf3 d5 4. Nc3 c5 5. cxd5 cxd4 6. Nxd4 Nxd5 7. Bd2 Bc5 8.
Nb3 Bb6 9. g3 Nc6 10. Bg2 Nce7 11. Nxd5 Nxd5 12. e4 Nf6 13. Bb4 Qxd1+ 14. Rxd1
e5 15. O-O Be6 16. Rc1 Nd7 17. Rfd1 h5 18. Bf1 a6 19. Nd2 Nf6 20. h3 Rd8 21. Kg2
Bd4 22. b3 Rc8 23. Bc4 Rc6 24. Bxe6 fxe6 25. Nf3 Nxe4 26. Nxd4 exd4 27. Rxc6
bxc6 28. Rxd4 Nf6 29. Rd6 Nd5 30. Rxc6 Kf7 31. Bc5 Ra8 32. b4 Nc3 33. Bd6 Nd5
34. a3 Kg6 35. Be5 Kf7 36. Rc5 Ra7 37. Ra5 1-0

[Event "26th Abu Dhabi Masters"]
[Site "Abu Dhabi UAE"]
[Date "2019.08.05"]
[Round "5.36"]
[White "Samant, Aditya S"]
[Black "Gaponenko, Inna"]
[Result "1/2-1/2"]
[BlackTitle "IM"]
[WhiteElo "2295"]
[BlackElo "2446"]
[WhiteFideId "35080580"]
[BlackFideId "14101181"]
[EventDate "2019.08.02"]

1. e4 c5 2. Nf3 Nc6 3. d4 cxd4 4. Nxd4 Nf6 5. Nc3 g6 6. Be3 Bg7 7. Bc4 O-O 8. f3
Qb6 9. Bb3 Nxe4 10. Nd5 Qa5+ 11. c3 Nc5 12. Nxc6 dxc6 13. Nxe7+ Kh8 14. Nxc8
Rfxc8 15. O-O Re8 16. Bd4 Nxb3 17. axb3 Qb5 18. Bxg7+ Kxg7 19. Qd4+ Kg8 20. b4
Rad8 21. Qxa7 Rd2 22. Rae1 Ree2 23. Rxe2 Qxe2 24. Qf2 Rxb2 25. Qxe2 Rxe2 26. Rf2
Re1+ 27. Rf1 Re3 28. Rc1 Re2 29. Rd1 Rc2 30. Rd3 Kf8 31. h4 Ke7 32. Kh2 f5 33.
Kg3 b6 34. h5 gxh5 35. Kf4 Rxg2 36. Kxf5 h4 37. Re3+ Kf7 38. Re4 h3 39. Rh4 h2
40. Rxh7+ Kg8 41. Rh3 Kg7 42. Ke5 Rd2 43. Kf5 c5 44. bxc5 bxc5 45. c4 Re2 46.
Rh4 Kf7 47. Rh7+ Kg8 48. Rh3 Kf8 49. Rh7 Ke8 50. Kf4 Rc2 51. Ke5 Rd2 52. Kf4 Kf8
53. Kg3 Rc2 54. Rxh2 Rxc4 55. Re2 Kf7 56. Kf2 Kf6 57. Re4 Rc2+ 58. Ke3 Rc3+ 59.
Ke2 Kf5 60. Re3 Rc4 61. Kd3 Rd4+ 62. Kc3 Kf4 63. Re4+ Rxe4 64. fxe4 Kxe4 65. Kc4
Ke5 66. Kxc5 1/2-1/2

[Event "26th Abu Dhabi Masters"]
[Site "Abu Dhabi UAE"]
[Date "2019.08.05"]
[Round "5.37"]
[White "Krishna, C R G"]
[Black "Eynullayev, Atilla"]
[Result "1-0"]
[WhiteTitle "IM"]
[WhiteElo "2444"]
[BlackElo "2290"]
[WhiteFideId "5018625"]
[BlackFideId "13413570"]
[EventDate "2019.08.02"]

1. d4 Nf6 2. Nf3 g6 3. c4 Bg7 4. e3 O-O 5. Be2 d6 6. O-O Nbd7 7. Nc3 e5 8. Qc2
Re8 9. b4 exd4 10. exd4 Nf8 11. h3 c6 12. Bg5 Ne6 13. Be3 d5 14. Rad1 dxc4 15.
Bxc4 Nc7 16. b5 Be6 17. Bxe6 Nxe6 18. bxc6 bxc6 19. Ne5 Qc7 20. Rb1 Rab8 21. Qa4
Nd5 22. Nxd5 cxd5 23. Rfc1 Qe7 24. Nf3 h6 25. Qc6 Rxb1 26. Rxb1 Rd8 27. Qa6 Rd6
28. Qa5 Rd8 29. a4 Kh7 30. Qb5 f5 31. Re1 Qd6 32. Bd2 Rb8 33. Rxe6 Qxe6 34. Qxb8 1-0

[Event "26th Abu Dhabi Masters"]
[Site "Abu Dhabi UAE"]
[Date "2019.08.05"]
[Round "5.38"]
[White "Lee, Jun Hyeok"]
[Black "Vantika, Agrawal"]
[Result "0-1"]
[WhiteTitle "FM"]
[BlackTitle "WIM"]
[WhiteElo "2437"]
[BlackElo "2287"]
[WhiteFideId "13202340"]
[BlackFideId "25050389"]
[EventDate "2019.08.02"]

1. d4 Nf6 2. c4 g6 3. Nc3 Bg7 4. e4 d6 5. Nf3 O-O 6. Be2 Nbd7 7. O-O e5 8. Be3
c6 9. d5 c5 10. Ne1 Ne8 11. Nd3 f5 12. exf5 gxf5 13. f4 e4 14. Nf2 Bxc3 15. bxc3
Ndf6 16. h3 Kh8 17. Qe1 Bd7 18. a4 Nc7 19. Nd1 Qe8 20. a5 Ba4 21. Nb2 Bd7 22.
Kh2 Rg8 23. Bf2 Qg6 24. Rg1 Qh6 25. Nd1 Qxf4+ 26. Bg3 Qh6 27. Qf2 Rxg3 28. Qxg3
f4 29. Qe1 f3 30. Bf1 Ng4+ 31. Kg3 Rg8 32. hxg4 Rxg4+ 33. Kf2 Qh4+ 34. g3 Qh2+
35. Ke3 Qxg1+ 36. Qf2 Qh1 37. Kd2 Qh6+ 38. Ne3 Qg5 39. Rb1 Bc8 40. Bh3 Rxg3 41.
Bxc8 Rg2 42. Qxg2 fxg2 43. Rg1 Ne8 44. Rxg2 Qf4 45. Bxb7 Nf6 46. Bc8 h5 47. Ke2
Qf3+ 48. Kd2 Ng4 49. Bxg4 hxg4 50. Rh2+ Kg8 51. Re2 g3 52. Rg2 Kf7 53. a6 Kf6
54. Re2 Kg5 55. Rg2 Kh4 56. Re2 Kh3 57. Kd1 Qh1+ 58. Kd2 Qb1 59. Ng2 Qd3+ 60.
Ke1 Qxe2+ 0-1

[Event "26th Abu Dhabi Masters"]
[Site "Abu Dhabi UAE"]
[Date "2019.08.05"]
[Round "5.40"]
[White "Dimakiling, Oliver"]
[Black "Nitish, Belurkar"]
[Result "1/2-1/2"]
[WhiteTitle "IM"]
[BlackTitle "FM"]
[WhiteElo "2418"]
[BlackElo "2271"]
[WhiteFideId "5202248"]
[BlackFideId "5084768"]
[EventDate "2019.08.02"]

1. c4 Nf6 2. Nf3 g6 3. g3 Bg7 4. Bg2 d6 5. O-O O-O 6. Nc3 e5 7. d3 Nc6 8. Rb1 a5
9. a3 Re8 10. e4 Bd7 11. h3 Qc8 12. Kh2 h6 13. b4 axb4 14. axb4 Nh7 15. c5 dxc5
16. bxc5 Nd8 17. Be3 Ne6 18. Qb3 Bc6 19. Nd5 Qd7 20. Nd2 Nf6 21. Nc4 Nxd5 22.
exd5 Bxd5 23. Nxe5 Bxb3 24. Nxd7 Ba4 25. Bxb7 Bxd7 26. c6 Ra2 27. cxd7 Rd8 28.
Bc6 Nf8 29. Rb5 g5 30. Re1 Bc3 31. Rf1 Ra6 32. Rc5 Bb4 33. Rc4 Bd6 34. Bb7 Ra5
35. h4 Nxd7 36. hxg5 hxg5 37. Bd2 Rc5 38. Ra4 f6 39. Ra2 Rb5 40. Ba6 Rb6 41. Be3
Rb4 42. Rc1 Kg7 43. Kg2 Ra8 44. Rcc2 Ne5 1/2-1/2

[Event "26th Abu Dhabi Masters"]
[Site "Abu Dhabi UAE"]
[Date "2019.08.05"]
[Round "5.41"]
[White "Sammed Jaykumar, Shete"]
[Black "Panda, Sambit"]
[Result "1-0"]
[WhiteElo "2416"]
[BlackElo "2126"]
[WhiteFideId "5073421"]
[BlackFideId "25091794"]
[EventDate "2019.08.02"]

1. e4 e5 2. Nf3 Nc6 3. Bc4 Nf6 4. d3 h6 5. c3 d6 6. h3 g6 7. a4 Bg7 8. a5 a6 9.
Qb3 O-O 10. g4 b5 11. axb6 cxb6 12. g5 hxg5 13. Nxg5 Ra7 14. Be3 b5 15. Bxb5 Rb7
16. Rxa6 Bd7 17. Na3 Ne8 18. Qc4 Nb8 19. Ra4 Bxb5 20. Nxb5 Qd7 21. Na3 Nc6 22.
Ra6 Ne7 23. Rb6 Rxb6 24. Bxb6 d5 25. Qb5 Qc8 26. Bc5 Bf6 27. Rg1 Kg7 28. Qb6 Rh8
29. h4 Rxh4 30. Bxe7 Bxe7 31. Nxf7 Rg4 32. Rxg4 Qxg4 33. Nxe5 Qg1+ 34. Ke2 dxe4
35. dxe4 Qg5 36. Qe6 Nc7 37. Qf7+ Kh6 38. Nac4 Qh4 39. Qxg6# 1-0

[Event "26th Abu Dhabi Masters"]
[Site "Abu Dhabi UAE"]
[Date "2019.08.05"]
[Round "5.42"]
[White "Ilyasli, Ughur"]
[Black "Sankalp, Gupta"]
[Result "1-0"]
[WhiteTitle "CM"]
[WhiteElo "2131"]
[BlackElo "2416"]
[WhiteFideId "13416197"]
[BlackFideId "5097010"]
[EventDate "2019.08.02"]

1. Nf3 e6 2. c4 b6 3. g3 Bb7 4. Bg2 g5 5. Nc3 Bg7 6. d3 g4 7. Nh4 Bxg2 8. Nxg2
Nc6 9. h3 h5 10. Qa4 Nge7 11. Nf4 Nf5 12. Bd2 Qe7 13. Nb5 O-O-O 14. Qa6+ Kb8 15.
a4 Nfd4 16. O-O Nb3 17. Be3 Qb4 18. a5 Nc5 19. Bxc5 bxc5 20. Nd5 exd5 21. cxd5
Be5 22. dxc6 dxc6 23. Nxa7 Rd6 24. Nxc6+ Rxc6 25. Qxc6 gxh3 26. Ra4 Qb7 27.
Qxb7+ Kxb7 28. a6+ Ka7 29. Rc1 Bd6 30. Rcc4 Re8 31. Re4 Rb8 32. Ra2 f5 33. Rh4
f4 34. Rxh5 fxg3 35. fxg3 Bxg3 36. Rxh3 Be5 37. e3 Bxb2 38. Rh5 Bc1 39. Kf2 Re8
40. e4 c4 41. Rc5 Bf4 42. Rxc4 Rh8 43. Kf3 Bd6 44. d4 1-0

[Event "26th Abu Dhabi Masters"]
[Site "Abu Dhabi UAE"]
[Date "2019.08.05"]
[Round "5.43"]
[White "Vaishali, R"]
[Black "Eynullayev, Altay"]
[Result "1-0"]
[WhiteTitle "WGM"]
[BlackTitle "FM"]
[WhiteElo "2411"]
[BlackElo "2204"]
[WhiteFideId "5091756"]
[BlackFideId "13413562"]
[EventDate "2019.08.02"]

1. e4 c5 2. Nf3 d6 3. d4 cxd4 4. Nxd4 Nf6 5. Nc3 a6 6. h3 e5 7. Nf3 Be7 8. Bc4
Be6 9. Bb3 Nbd7 10. O-O Bxb3 11. axb3 O-O 12. Bg5 Qc7 13. Qd3 Rac8 14. Rfd1 h6
15. Bxf6 Nxf6 16. Nd2 Rfd8 17. Nc4 Bf8 18. Ne3 Qc6 19. Rd2 Rd7 20. Ncd5 Nxd5 21.
Nxd5 Rdd8 22. c3 Qe8 23. Rad1 Qe6 24. Qf3 g6 25. Qg4 Kh7 26. Qxe6 fxe6 27. Nb6
Rc7 28. Nc4 Re8 29. Nxd6 Bxd6 30. Rxd6 Kg7 31. Rd7+ Re7 32. Rd8 Rf7 33. Kf1 Rf8
34. R1d7+ Rf7 35. Rd6 Rce7 36. Ke2 Rf8 37. R6d7 Rff7 38. Rd6 Rf8 39. Rxf8 Kxf8
40. Kd3 Ke8 41. c4 Kf7 42. c5 Rc7 43. Kc4 Ke7 44. b4 Rc6 45. Rxc6 bxc6 46. b5 1-0

[Event "26th Abu Dhabi Masters"]
[Site "Abu Dhabi UAE"]
[Date "2019.08.05"]
[Round "5.46"]
[White "Rakesh, Kumar Jena"]
[Black "Ashraf, Artin"]
[Result "1-0"]
[WhiteTitle "IM"]
[WhiteElo "2375"]
[BlackElo "2123"]
[WhiteFideId "5084822"]
[BlackFideId "22514805"]
[EventDate "2019.08.02"]

1. d4 Nf6 2. Bf4 d5 3. e3 c5 4. Nf3 Nc6 5. Nbd2 cxd4 6. exd4 Bg4 7. c3 e6 8. Qb3
Bd6 9. Qxb7 O-O 10. Ne5 Nxe5 11. dxe5 Bc7 12. Qb4 Nd7 13. Qd4 Bb6 14. Qd3 f6 15.
Be2 Bxf2+ 16. Kxf2 fxe5 17. Bxg4 Rxf4+ 18. Bf3 e4 19. Qe3 Qf6 20. Rhe1 Ne5 21.
Kg1 exf3 22. gxf3 Nxf3+ 23. Nxf3 Rxf3 24. Qxe6+ Qxe6 25. Rxe6 Rb8 26. Re2 Rf6
27. Rd1 Ra6 28. a3 Rg6+ 29. Kf1 Rf8+ 30. Rf2 Rxf2+ 31. Kxf2 Rb6 32. Rd2 Kf7 33.
Ke3 Ke6 34. Kd4 Rc6 35. b3 Rb6 36. Rb2 h6 37. a4 g5 38. Kc5 Rb8 39. Re2+ Kf5 40.
Kxd5 Rxb3 41. Rf2+ Kg4 42. c4 Rd3+ 43. Kc6 Kh3 44. c5 g4 45. Rc2 h5 46. Kb7 Rd7+
47. Kb8 h4 48. c6 Rd8+ 49. Kb7 g3 50. hxg3 hxg3 51. c7 Rd7 52. Kb8 1-0

[Event "26th Abu Dhabi Masters"]
[Site "Abu Dhabi UAE"]
[Date "2019.08.05"]
[Round "5.47"]
[White "Srija, Seshadri"]
[Black "Nguyen, Anh Khoi"]
[Result "0-1"]
[WhiteTitle "WIM"]
[BlackTitle "IM"]
[WhiteElo "2284"]
[BlackElo "2529"]
[WhiteFideId "5055903"]
[BlackFideId "12404675"]
[EventDate "2019.08.02"]

1. e4 c5 2. Nf3 d6 3. d4 cxd4 4. Nxd4 Nf6 5. Nc3 a6 6. Be2 e6 7. f4 Be7 8. Be3
O-O 9. O-O Qc7 10. g4 Re8 11. g5 Nfd7 12. f5 Ne5 13. Qe1 Bf8 14. Qg3 Nbc6 15. a4
Nb4 16. f6 b6 17. Rac1 Bb7 18. Nf3 Nbc6 19. Nxe5 Nxe5 20. Qf2 g6 21. Bxb6 Qb8
22. Rfd1 Rc8 23. a5 Rxc3 24. bxc3 Bxe4 25. c4 Qe8 26. c5 d5 27. c4 Qc6 28. cxd5
exd5 29. Qg3 Re8 30. Rd4 Nd7 31. Qa3 h6 32. Qa4 Qe6 33. Rxe4 dxe4 34. c6 Nxb6
35. axb6 Qe5 36. c7 Qxg5+ 37. Kf2 Qf4+ 38. Kg2 Qg5+ 39. Kf2 Re6 40. c8=Q e3+ 41.
Kf1 Rxf6+ 42. Bf3 Rxf3+ 43. Ke2 Rf2+ 44. Kd3 Qd5+ 45. Kxe3 Qd2+ 46. Ke4 Rf4+ 47.
Ke5 Qd6# 0-1

[Event "26th Abu Dhabi Masters"]
[Site "Abu Dhabi UAE"]
[Date "2019.08.05"]
[Round "5.48"]
[White "Alinasab, Mobina"]
[Black "Vasquez Schroeder, Rodrigo"]
[Result "0-1"]
[WhiteTitle "WIM"]
[BlackTitle "GM"]
[WhiteElo "2280"]
[BlackElo "2496"]
[WhiteFideId "12528897"]
[BlackFideId "3400042"]
[EventDate "2019.08.02"]

1. e4 e6 2. d4 d5 3. Nd2 Nf6 4. e5 Nfd7 5. Bd3 c5 6. c3 Nc6 7. Ne2 cxd4 8. cxd4
Nb6 9. O-O Bd7 10. a3 a5 11. Nf3 a4 12. Bg5 Be7 13. Bxe7 Qxe7 14. Nc3 Na5 15.
Nd2 O-O 16. f4 f6 17. Qh5 f5 18. Kh1 Rac8 19. Qe2 Nbc4 20. Nxc4 Nxc4 21. Rac1
Kh8 22. Bxc4 Rxc4 23. Qd2 h6 24. Ne2 Bb5 25. Nc3 Ba6 26. Rfd1 Qh4 27. Kg1 g5 28.
fxg5 hxg5 29. Qf2 Qh5 30. Qf3 Qxf3 31. gxf3 Rf7 32. Na2 Rh7 33. Rxc4 Bxc4 34.
Nc3 b5 35. Rd2 Rh4 36. Kg2 Kg7 37. Nd1 Rh8 38. Nc3 Kg6 39. Rd1 Kh5 40. Rd2 Kh4
41. h3 Kh5 42. Nd1 Kg6 43. Ne3 Rc8 44. Nd1 Bb3 45. Nf2 Rc4 46. Kg3 f4+ 47. Kg2
Bc2 48. Ng4 Bf5 49. Nf2 b4 50. axb4 Rxb4 51. Kf1 Rb3 52. Kg2 Kf7 53. Nd1 Ke7 54.
Nf2 Kd7 55. Ng4 Kc6 56. Nh6 Bg6 57. Ng8 Kb5 58. Nf6 Rd3 59. Rxd3 Bxd3 60. Ne8
Kb4 61. Nc7 Kb3 62. Nxe6 Kxb2 63. Nc5 Bb5 0-1

[Event "26th Abu Dhabi Masters"]
[Site "Abu Dhabi UAE"]
[Date "2019.08.05"]
[Round "5.49"]
[White "Ajay Krishna, S"]
[Black "Mendonca, Leon Luke"]
[Result "1/2-1/2"]
[BlackTitle "IM"]
[WhiteElo "2280"]
[BlackElo "2401"]
[WhiteFideId "5096430"]
[BlackFideId "35028561"]
[EventDate "2019.08.02"]

1. Nf3 Nf6 2. c4 b6 3. g3 Bb7 4. Bg2 e6 5. O-O Be7 6. Nc3 O-O 7. d4 Ne4 8. Qc2
Nxc3 9. Qxc3 d6 10. Rd1 Nd7 11. Qc2 Nf6 12. Ne1 Bxg2 13. Nxg2 c5 14. dxc5 bxc5
15. Bf4 Qc7 16. Rd3 Qc6 17. Rad1 Rfd8 18. Bg5 h6 19. Bxf6 Bxf6 20. h4 Rab8 21.
b3 Be7 22. Qd2 Rb4 23. Ne3 Rb7 24. Nc2 Rbd7 25. Qf4 Qa6 26. a3 Qc6 27. e4 Bf6
28. Qe3 a6 29. Kh2 Kf8 30. f4 Kg8 31. Kh3 h5 32. Qf3 Qb7 33. Kg2 Be7 34. Re1 d5
35. exd5 exd5 36. cxd5 Bf6 37. Ne3 Bd4 38. Nf5 g6 39. Nxd4 Qxd5 40. Nc6 Qxd3 1/2-1/2

[Event "26th Abu Dhabi Masters"]
[Site "Abu Dhabi UAE"]
[Date "2019.08.05"]
[Round "5.50"]
[White "Salih, Akar Ali Salih"]
[Black "Rajdeep, Sarkar"]
[Result "0-1"]
[WhiteTitle "FM"]
[BlackTitle "FM"]
[WhiteElo "2274"]
[BlackElo "2367"]
[WhiteFideId "4800575"]
[BlackFideId "25007963"]
[EventDate "2019.08.02"]

1. e4 c5 2. Nf3 d6 3. d4 cxd4 4. Nxd4 Nf6 5. Nc3 Nc6 6. Bg5 e6 7. f4 Bd7 8. Qd2
a6 9. O-O-O b5 10. a3 Be7 11. Kb1 Qb6 12. Nb3 Qc7 13. Bxf6 gxf6 14. f5 h5 15.
Be2 Ne5 16. Rhf1 Qb6 17. Qd4 Qxd4 18. Rxd4 h4 19. a4 Nc6 20. Rd2 b4 21. Na2 Rg8
22. Rf4 Rxg2 23. Rxh4 Kf8 24. Rh8+ Rg8 25. Rxg8+ Kxg8 26. fxe6 fxe6 27. Nc5 Bc8
28. Nd3 a5 29. Nf4 Ne5 30. Bb5 Bf8 31. Rg2+ Kf7 32. Be2 Bb7 33. Bd3 Bh6 34. Ne2
f5 35. Rf2 Ng4 36. Rf3 Rg8 37. h3 Nf6 38. Ng3 f4 39. Ne2 Nxe4 0-1

[Event "26th Abu Dhabi Masters"]
[Site "Abu Dhabi UAE"]
[Date "2019.08.05"]
[Round "5.51"]
[White "Raja, Rithvik R"]
[Black "Siva, Mahadevan"]
[Result "1-0"]
[WhiteTitle "IM"]
[BlackTitle "IM"]
[WhiteElo "2364"]
[BlackElo "2270"]
[WhiteFideId "35007394"]
[BlackFideId "25043153"]
[EventDate "2019.08.02"]

1. d4 Nf6 2. c4 g6 3. Nc3 Bg7 4. e4 d6 5. Be2 O-O 6. Be3 Na6 7. Nf3 Qe8 8. O-O
e5 9. Re1 Ng4 10. Bg5 exd4 11. Nd5 f6 12. Bf4 c6 13. Nxd4 cxd5 14. Bxg4 dxe4 15.
Bxc8 Qxc8 16. Nb5 Qc6 17. Bxd6 Rfd8 18. Qb3 f5 19. c5+ Kh8 20. Rac1 Rd7 21. Red1
h6 22. Nd4 Bxd4 23. Rxd4 Re8 24. Rcd1 Kh7 25. Bf8 Red8 26. Be7 Rxe7 27. Rxd8 Rg7
28. R8d6 Qxc5 29. Rd7 Qc6 30. Qd5 Nc5 31. Rxg7+ Kxg7 32. Qe5+ Kf7 33. Rd6 1-0

[Event "26th Abu Dhabi Masters"]
[Site "Abu Dhabi UAE"]
[Date "2019.08.05"]
[Round "5.53"]
[White "Bartel, Marta"]
[Black "Dixit, Nikhil"]
[Result "1/2-1/2"]
[WhiteTitle "WGM"]
[BlackTitle "FM"]
[WhiteElo "2244"]
[BlackElo "2358"]
[WhiteFideId "1123009"]
[BlackFideId "5059534"]
[EventDate "2019.08.02"]

1. d4 g6 2. Nf3 Nf6 3. e3 Bg7 4. Be2 O-O 5. O-O d6 6. b3 a5 7. Bb2 Nc6 8. c4 e5
9. dxe5 Ng4 10. Nc3 Ngxe5 11. Nxe5 Nxe5 12. Qd2 Be6 13. Rfd1 f5 14. Nd5 a4 15.
Nf4 Bf7 16. Nd5 c6 17. Nf4 Qb6 18. Qc2 a3 19. Bc3 Qc7 20. Rd2 g5 21. Nd3 Bg6 22.
Nxe5 dxe5 23. Rad1 Rfd8 24. c5 f4 25. e4 Rxd2 26. Rxd2 Rd8 27. f3 b6 28. Bb4 Rd4
29. Rxd4 exd4 30. Bxa3 b5 31. Bb4 Qb8 32. h3 h5 33. Bd3 Bf7 34. Qb2 Be6 35. Qf2
Qe5 36. Qc2 g4 37. hxg4 hxg4 38. fxg4 Bxg4 39. Qf2 Qh5 40. Bd2 f3 41. gxf3 Bxf3
42. Qg3 Qh1+ 43. Kf2 Bxe4 44. Bxe4 Qxe4 45. Qb8+ Kh7 46. Qh2+ Kg8 47. Qb8+ Kh7
48. Qh2+ 1/2-1/2

[Event "26th Abu Dhabi Masters"]
[Site "Abu Dhabi UAE"]
[Date "2019.08.05"]
[Round "5.54"]
[White "Deshpande, Aniruddha"]
[Black "Pranav, Anand"]
[Result "0-1"]
[WhiteTitle "FM"]
[BlackTitle "FM"]
[WhiteElo "2234"]
[BlackElo "2347"]
[WhiteFideId "5021774"]
[BlackFideId "46626786"]
[EventDate "2019.08.02"]

1. d4 Nf6 2. c4 e6 3. g3 d5 4. Nf3 Be7 5. Bg2 O-O 6. O-O dxc4 7. Qc2 b5 8. Bg5
Nd5 9. Bxe7 Qxe7 10. b3 cxb3 11. axb3 Bb7 12. Nc3 Nb4 13. Qb1 c6 14. Ne4 Nd7 15.
Rc1 f6 16. Bh3 Kh8 17. Nh4 g5 18. Nf3 g4 19. Bxg4 f5 20. Bh3 fxe4 21. Qxe4 Rf6
22. Ne5 Nxe5 23. Qxe5 a6 24. Rc3 Nd5 25. Rd3 Rf8 26. e4 Nc7 27. f4 Qg7 28. Rc3
R6f7 29. Qxg7+ Kxg7 30. Kf2 Rd8 31. Ke3 Rfd7 32. Rd1 a5 33. Rc5 Rd6 34. g4 Na6
35. Rg5+ Kh8 36. e5 R6d7 37. f5 c5 38. fxe6 cxd4+ 39. Kd2 Re7 40. Rf1 Nc5 0-1

[Event "26th Abu Dhabi Masters"]
[Site "Abu Dhabi UAE"]
[Date "2019.08.05"]
[Round "5.57"]
[White "Mahdian, Anousha"]
[Black "Krishnater, Kushager"]
[Result "0-1"]
[WhiteTitle "WFM"]
[BlackTitle "FM"]
[WhiteElo "2118"]
[BlackElo "2324"]
[WhiteFideId "12571490"]
[BlackFideId "25041142"]
[EventDate "2019.08.02"]

1. c4 e6 2. Nc3 d5 3. d4 a6 4. cxd5 exd5 5. Nf3 Nf6 6. Bg5 Be6 7. e3 Nbd7 8. Bd3
c6 9. h3 Bd6 10. Qd2 O-O 11. O-O Qc7 12. Bf4 h6 13. a3 Nh5 14. Bxd6 Qxd6 15. Qe2
Nhf6 16. b4 b5 17. Nd2 a5 18. Na2 Nb6 19. Nb3 axb4 20. axb4 Ra7 21. Nc5 Rfa8 22.
Qb2 Nc4 23. Bxc4 bxc4 24. Nc3 Qb8 25. Rab1 Bf5 26. e4 dxe4 27. Qe2 e3 28. Rb2
exf2+ 29. Qxf2 Bg6 30. b5 cxb5 31. Rxb5 Qd6 32. Qf4 Qxf4 33. Rxf4 Ra3 34. Rf3
Rd8 35. Rb4 Rxd4 36. Kh2 Ra8 37. Ne2 Rd2 38. Nf4 Rc2 39. Nxg6 fxg6 40. Na4 Nd5
41. Rb5 Ne7 42. Rc3 Rxc3 43. Nxc3 Ra3 44. Ne4 Nf5 45. Rb8+ Kf7 46. g4 Ra2+ 47.
Kg1 Ne3 48. Nd6+ Ke6 49. Re8+ Kxd6 50. Rxe3 g5 51. Re8 c3 52. Rd8+ Ke7 53. Rd1
Rd2 54. Re1+ Kd7 0-1

[Event "26th Abu Dhabi Masters"]
[Site "Abu Dhabi UAE"]
[Date "2019.08.05"]
[Round "5.60"]
[White "Pranesh, M"]
[Black "Salonika, Saina"]
[Result "1-0"]
[WhiteTitle "FM"]
[BlackTitle "WFM"]
[WhiteElo "2296"]
[BlackElo "2068"]
[WhiteFideId "35028600"]
[BlackFideId "25013971"]
[EventDate "2019.08.02"]

1. e4 c5 2. Nf3 d6 3. d4 cxd4 4. Nxd4 Nf6 5. Nc3 a6 6. h3 e5 7. Nde2 h5 8. Bg5
Be6 9. Bxf6 Qxf6 10. Nd5 Qd8 11. Nec3 g6 12. Bc4 Bh6 13. O-O O-O 14. Qd3 Nc6 15.
Rad1 Rc8 16. Bb3 Nd4 17. f4 Nxb3 18. axb3 Bxd5 19. Nxd5 Bxf4 20. Nxf4 exf4 21.
Rxf4 Qg5 22. Rdf1 Qe5 23. c3 Rc7 24. Kh1 Rd7 25. b4 d5 26. exd5 Rxd5 27. Qc4 Kg7
28. R4f2 Qd6 29. Rf6 Qd7 30. Qf4 Rd1 31. Rxd1 Qxd1+ 32. Kh2 Qe2 33. Qd4 Kg8 34.
Rb6 Qe7 35. Rd6 Qc7 36. c4 Re8 37. c5 Qb8 38. Qf4 Qc8 39. Qf6 a5 40. bxa5 Qxc5
41. Rd7 Qe5+ 42. Qxe5 Rxe5 43. b4 Rb5 44. Rd4 g5 45. Kg3 Kg7 46. Kf3 f5 47. Ke3
Kf6 48. Kd3 Ke5 49. Kc3 g4 50. Rd7 Ke6 51. Rd4 Ke5 52. Rd8 Ke6 53. Kc4 Re5 54.
Re8+ Kd6 55. Rxe5 Kxe5 56. Kd3 f4 57. h4 f3 58. gxf3 Kf4 59. fxg4 hxg4 60. Ke2
Kg3 61. h5 Kh2 62. h6 1-0